Residential valuation theory and practice. (Record no. 100138)
[ view plain ]
| 000 -LEADER | |
|---|---|
| fixed length control field | 00803cam a2200229 4500 |
| 008 - FIXED-LENGTH DATA ELEMENTS--GENERAL INFORMATION | |
| fixed length control field | 000000n2000 000 0 eng u |
| 020 ## - INTERNATIONAL STANDARD BOOK NUMBER | |
| International Standard Book Number | 1902375505 |
| 035 ## - SYSTEM CONTROL NUMBER | |
| System control number | (Sirsi) u103520 |
| 050 ## - LIBRARY OF CONGRESS CALL NUMBER | |
| Classification number | 333.332 |
| 100 ## - MAIN ENTRY--PERSONAL NAME | |
| Personal name | Jenkins, David |
| 245 ## - TITLE STATEMENT | |
| Title | Residential valuation theory and practice. |
| 260 ## - PUBLICATION, DISTRIBUTION, ETC. | |
| Place of publication, distribution, etc. | Witney |
| Name of publisher, distributor, etc. | Chandos Publishing |
| Date of publication, distribution, etc. | 2000 |
| 300 ## - PHYSICAL DESCRIPTION | |
| Extent | xvii,111p. |
| Dimensions | 28cm. |
| 350 ## - PRICE (NR) (BK AM CF MU VM SE) [OBSOLETE] | |
| Price | 59.95 |
| 520 ## - SUMMARY, ETC. | |
| Summary, etc. | A comprehensive guide to residential valuations, covering both traditional and modern methods and techniques. The book was reprinted by Estates Gazette in 2002 (ISBN 0728203928). |
| 650 ## - SUBJECT ADDED ENTRY--TOPICAL TERM | |
| Topical term or geographic name entry element | VALUATIONS |
| 650 ## - SUBJECT ADDED ENTRY--TOPICAL TERM | |
| Topical term or geographic name entry element | RESIDENTIAL PROPERTY |
| 9 (RLIN) | 6266 |
| 650 ## - SUBJECT ADDED ENTRY--TOPICAL TERM | |
| Topical term or geographic name entry element | MORTGAGE VALUATIONS |
| 650 ## - SUBJECT ADDED ENTRY--TOPICAL TERM | |
| Topical term or geographic name entry element | PUBLIC SECTOR HOUSING |
| 690 ## - LOCAL SUBJECT ADDED ENTRY--TOPICAL TERM (OCLC, RLIN) | |
| Topical term or geographic name as entry element | PROPERTY-PROPERTY APPRAISAL AND VALUATION |
| 942 ## - ADDED ENTRY ELEMENTS (KOHA) | |
| Suppress in OPAC | 0 |
| Withdrawn status | Lost status | Source of classification or shelving scheme | Damaged status | Not for loan | Home library | Current library | Shelving location | Date acquired | Cost, normal purchase price | Total Checkouts | Full call number | Barcode | Date last seen | Date last checked out | Copy number | Cost, replacement price | Price effective from | Koha item type |
|---|---|---|---|---|---|---|---|---|---|---|---|---|---|---|---|---|---|---|
| Dewey Decimal Classification | London | London | Folio | 28/07/2000 | 50.95 | 28 | F333.332 JEN | 30061995 | 06/08/2019 | 21/01/2008 | 1 | 50.95 | 06/08/2019 | Book | ||||
| Dewey Decimal Classification | London | London | Books | 17/01/2003 | 21.25 | 46 | 333.332 JEN (2002 reprint) | 30068109 | 06/08/2019 | 14/07/2009 | 1 | 21.25 | 06/08/2019 | Book |